| 000 | 00482nam a2200169 i 4500 | ||
|---|---|---|---|
| 001 | 92448 | ||
| 003 | ES-MaACL | ||
| 005 | 20230906180955.0 | ||
| 007 | t| | ||
| 008 | 050308s1969 sp ||||1| spa d | ||
| 100 | 1 |
_aLindenschmidt, Th. O. _972394 |
|
| 245 | 1 | 0 |
_aPre y post-operatorio / _cTh. O. Lindenschmidt, E. Carstensen. |
| 260 |
_aBarcelona : _bSalvat, _c[1969] |
||
| 300 |
_aXX; 522 p. ; _c24 cm. |
||
| 700 | 1 |
_aCarstensen, E. _935865 |
|
| 852 |
_aES-MaACL _jC-37084 _bR.69814 |
||
| 999 |
_c92448 _d92448 |
||